Australian Rules Football Clubs - Statistics

General Stats
  • This quiz has been taken 11 times
  • The average score is 31 of 46
Answer Stats
AFL % Correct
AFL Adelaide Crows
100%
AFL Brisbane Lions
100%
AFL Collingwood Magpies
100%
AFL Fremantle Dockers
100%
AFL Geelong Cats
100%
AFL Gold Coast Suns
100%
AFL Hawthorn Hawks
100%
AFL Melbourne Demons
100%
AFL Port Adelaide Power
100%
AFL St Kilda Saints
100%
AFL Sydney Swans
100%
AFL West Coast Eagles
100%
AFL Carlton Blues
88%
AFL North Melbourne Kangaroos
88%
AFL Richmond Tigers
88%
WAFL East Perth Royals
75%
AFL Essendon Bombers
75%
AFL Greater Western Sydney Giants
75%
AFL Western Bulldogs
75%
VFL Casey Demons
63%
VFL Northern Bullants
63%
WAFL Perth Demons
63%
VFL Sandringham Zebras
63%
SANFL Sturt Double Blues
63%
WAFL Swan Districts Swans
63%
WAFL West Perth Falcons
63%
VFL Box Hill Hawks
50%
WAFL Claremont Tigers
50%
WAFL East Fremantle Sharks
50%
SANFL Glenelg Tigers
50%
SANFL Norwood Redlegs
50%
VFL Port Melbourne Borough
50%
SANFL South Adelaide Panthers
50%
WAFL South Fremantle Bulldogs
50%
VFL Southport Sharks
50%
VFL Tasmania Devils
50%
VFL Werribee Tigers
50%
SANFL West Adelaide Bloods
50%
VFL Williamstown Seagulls
50%
SANFL Central District Bulldogs
38%
VFL Coburg Lions
38%
SANFL North Adelaide Roosters
38%
WAFL Peel Thunder
38%
WAFL Subiaco Lions
38%
SANFL Woodville-West Torrens Eagles
38%
VFL Frankston Dolphins
25%
No matching quizzes found
Score Distribution
Percent of People with Each Score
Percentile by Number Answered
Your Score History
You have not taken this quiz